[Event "Stare Mesto op-B"]
[Site "Stare Mesto"]
[Date "2023.08.06"]
[Round "2"]
[White "Vavra, Jan2222"]
[Black "Kosata, Jiri"]
[Result "1-0"]
[WhiteElo "1557"]
[BlackElo "1343"]
[PlyCount "47"]
[EventDate "2023.08.05"]
[EventType "swiss"]
[EventRounds "9"]
[EventCountry "CZE"]
[SourceTitle "EXT 2024"]
[Source "ChessBase"]
[SourceDate "2023.10.10"]
[SourceVersion "1"]
[SourceVersionDate "2023.10.10"]
[SourceQuality "1"]

1. e4 c5 2. Nf3 Nc6 3. d4 cxd4 4. Nxd4 e6 5. Nc3 a6 6. Bc4 Bc5 7. Nf3 Qb6 8. 0-0 Nf6 9. h3 Qb4 10. Qd3 h6 11. a3 Qb6 12. Na4 Qa7 13. Nxc5 Qxc5 14. Be3 Qe7 15. b4 g5 16. Bc5 Qd8 17. Bd6 g4 18. Ne5 gxh3 19. gxh3 Rg8+ 20. Kh2 Nxe5 21. Bxe5 Qb6 22. Bxf6 d5 23. Bb3 dxe4 24. Ba4+ 1-0